Closest Genetic Populations to the Czech - Statistics

General Stats
  • This quiz has been taken 37 times
  • The average score is 10 of 12
Answer Stats
Genetic Distance Ethnicity % Correct
2.283 German
100%
2.769 Austrian
97%
2.169 Polish
97%
2.956 Russian
97%
1.293 Slovakian
94%
1.715 Hungarian
91%
2.561 Croat
83%
1.691 Ukrainian
80%
2.932 Danish
69%
2.683 Swedish
69%
2.931 Norwegian
54%
3.167 Dutch
49%
No matching quizzes found
Score Distribution
Percent of People with Each Score
Percentile by Number Answered
Your Score History
You have not taken this quiz